| 000 | 00476nam a2200157 4500 | ||
|---|---|---|---|
| 001 | 118350 | ||
| 003 | ES-MaACL | ||
| 005 | 20230906191058.0 | ||
| 007 | t| | ||
| 008 | 070214s1907 sp r ||||1| spa d | ||
| 100 | 1 |
_aPardo y Puzo, Angel. _989018 |
|
| 245 | 1 | 0 |
_aCartilla de pesca _b: (conocimientos Ăștiles a los pescadores) / _cpor Angel Pardo y Puzo. |
| 260 |
_aMadrid : _b[s. n.], _c1907 ( _fImp. Alemana) |
||
| 300 |
_a222 p. ; _c22 x 14 cm. |
||
| 852 |
_aES-MaACL _jF-5294 |
||
| 999 |
_c118350 _d118350 |
||